| 000 | 01354nam a2200301 i 4500 | ||
|---|---|---|---|
| 003 | DO-SdBNP | ||
| 005 | 20250808115015.0 | ||
| 006 | a||||gr|||| 00| 0 | ||
| 007 | ta | ||
| 008 | 240419e2017 dr aoc|| |||| 00| 0 spa d | ||
| 040 |
_aDO-SdBNP _bspa _cBNPHU _erda |
||
| 082 | 4 |
_222 _bB443m |
|
| 245 | 1 | 0 |
_aMemoria histórica en la comunidad bateyana de lechería: _bestudio memoria histórica, identidad y patrimonio en 5 comunidades bateyanas en la República Dominicana / _cCamila Belliard Quiroga; prólogo, Cristina Luis Francisca. |
| 264 | 1 |
_a[Santo Domingo] : _bAECID-MUDHA, _c2017 |
|
| 300 |
_a24 páginas : _bIIustraciones ; _c27 cm. |
||
| 336 |
_2rdacontent _atexto _btxt |
||
| 337 |
_2rdamedia _asin mediación _bn |
||
| 338 |
_2rdacarrier _avolumen _bnc |
||
| 500 | _aProyecto "Promoviendo el Arte y la Cultura para el fortalecimiento de la identidad y el ejercicio de los DDHH fundamentales en las Comunidades Bateyanas de la República Dominicana" AECID- MUDHA. | ||
| 504 | _aBibliografía: página 24 | ||
| 590 | _aInventariado 2024 / MF | ||
| 650 | 0 |
_aComunidades rurales _92826 |
|
| 650 | 4 |
_aEstudios Demográficos _941998 _zRepública Dominicana |
|
| 650 | 4 |
_aIdentidad Cultural Dominicana _981177 |
|
| 651 | 4 |
_aRepública Dominicana _xIdentidad Cultural _946206 |
|
| 700 | 1 |
_aLuis Francisca, Cristina, _eprólogo _985287 |
|
| 942 |
_2ddc _cLF2 |
||
| 999 |
_c56465 _d56465 |
||